000 00937nas a2200313 4500
001 BR2013001640
003 BR-BrBNA
005 20231205122011.0
007 ta
008 230509b bl.|||p| |||| 00| 00por d
040 _aBR-BrBNA
_bpor
_cBiblioteca Nacional de Agricultura
041 _a(Pt)
072 _aL70
100 1 _aChaves, N.S.T.
100 1 _aBarros, P.S.M.
100 1 _aEurides, D.
100 1 _aMartins, A.F.
100 1 _aAraújo, L.F.
245 1 _aCeratoplastia penetrante, xenógena, homovital e experimental de porco (Sus domestica)em cão (Canis familiaris)- Técnica cirúrgica
650 _aCÃO
650 _aCIRURGIA
650 _aOLHO
650 _aVETERINÁRIA
650 _aTRANSPLANTE
650 _aPORCO
773 0 _tA Hora Veterinária (Brazil)
_xISSN 0101-9163
_g(Jul-Aug 2002), v.22(128) p. 33-35
_wBR2013001640
909 _a202311
_bLúcia
_c55
_dLúcia Elande
942 _2AGRIS
_n0
_cANA
999 _c226377
_d226377